[Event "NATO Chess Championship 2010"]
[Site "Koege"]
[Date "2010.10.22"]
[Round "7.32"]
[White "Kuzminaite, Ieva"]
[Black "Galloway, James"]
[Result "1-0"]
[WhiteElo "2016"]
[BlackElo "1624"]
[PlyCount "77"]
[EventDate "2010.??.??"]
[WhiteTeam "LTU"]
[BlackTeam "NATO"]

1. d4 d5 2. g3 Nf6 3. Bg2 c6 4. Nf3 Bg4 5. Ne5 Nbd7 6. Nxg4 Nxg4 7. e4 Ngf6 8.
e5 Ng8 9. O-O e6 10. c3 Qb6 11. Qe2 Be7 12. Kh1 O-O-O 13. Be3 h5 14. h3 g6 15.
c4 Nh6 16. Rc1 Nf5 17. cxd5 exd5 18. Bxd5 Nxe3 19. fxe3 f5 20. Nc3 Kb8 21. Be6
h4 22. g4 fxg4 23. Bxg4 c5 24. Bxd7 Rxd7 25. d5 c4 26. e4 Bg5 27. Rf1 Re7 28.
e6 Qd6 29. e5 Qc5 30. Qg4 Qe3 31. Rae1 Qg3 32. Qxg3 hxg3 33. Kg2 Reh7 34. Rh1
Bf4 35. d6 Kc8 36. Nd5 g5 37. Nf6 Rh6 38. e7 Rxf6 39. exf6 1-0

[Event "NATO Chess Championship 2010"]
[Site "Koege"]
[Date "2010.10.22"]
[Round "7.33"]
[White "Daler, Neset"]
[Black "Geerts, Luc"]
[Result "1-0"]
[WhiteElo "2013"]
[BlackElo "1514"]
[PlyCount "131"]
[EventDate "2010.??.??"]

1. e4 e5 2. Nc3 Nf6 3. f4 d6 4. Nf3 Nc6 5. d3 b6 6. Be3 Bb7 7. Qd2 Be7 8. Be2
Ng4 9. Bg1 exf4 10. Qxf4 Nge5 11. Be3 Ng6 12. Qf5 Nh4 13. Nxh4 Bxh4+ 14. g3 Bf6
15. Qf2 Bxc3+ 16. bxc3 Qe7 17. Rf1 O-O 18. Qf5 Bc8 19. Qd5 Bd7 20. d4 Qe6 21.
Qxe6 fxe6 22. Kd2 h6 23. Rg1 Ne7 24. h4 c5 25. h5 Rac8 26. g4 Kh7 27. g5 Ng8
28. Rg3 Rce8 29. a4 Re7 30. a5 b5 31. dxc5 dxc5 32. Bxc5 Rfe8 33. Bxe7 Rxe7 34.
e5 hxg5 35. Rxg5 Rf7 36. Rb1 a6 37. c4 Ne7 38. cxb5 Kh6 39. Rgg1 Bxb5 40. Bxb5
axb5 41. Rh1 Nd5 42. Rxb5 Rf2+ 43. Kc1 Ne3 44. Rc5 Rf4 45. Rg1 Ra4 46. Rg6+
Kxh5 47. Rxg7 Nc4 48. Rb7 Nxa5 49. Rbc7 Kg5 50. Kd2 Kf5 51. Kd3 Ra3+ 52. c3 Nb3
53. Rf7+ Kg5 54. Rc8 Kg6 55. Rf6+ Kg7 56. Rc7+ Kg8 57. Rxe6 Ra8 58. Kc2 Na5 59.
Rg6+ Kh8 60. e6 Nb7 61. Rh6+ Kg8 62. Rxb7 Re8 63. Kd3 Rd8+ 64. Ke4 Rd1 65. Rg6+
Kf8 66. Rf7+ 1-0

[Event "NATO Chess Championship 2010"]
[Site "Koege"]
[Date "2010.10.22"]
[Round "7.34"]
[White "Parisse, Denis"]
[Black "Voroblievas, Art ras"]
[Result "0-1"]
[WhiteElo "1960"]
[BlackElo "1859"]
[PlyCount "94"]
[EventDate "2010.??.??"]

1. e4 e5 2. f4 c6 3. Nf3 exf4 4. d4 g5 5. Bc4 Nf6 6. Qe2 Be7 7. Bd2 h6 8. Nc3
b5 9. Bb3 a5 10. a3 Ba6 11. Ne5 Rh7 12. Qf3 d6 13. Ng4 Nxg4 14. Qxg4 Qd7 15.
Qf3 h5 16. h3 Qa7 17. Ne2 b4 18. axb4 Bxe2 19. Qxe2 Qxd4 20. Bc3 Qb6 21. Rxa5
Rxa5 22. bxa5 Qa7 23. Qd3 Rh6 24. Qd4 Qa8 25. Qg7 Re6 26. Bxe6 fxe6 27. Qg6+
Kd7 28. Qxh5 Qa7 29. Qf3 Na6 30. h4 gxh4 31. Qxf4 Qc5 32. Qf2 Qg5 33. Qa7+ Nc7
34. O-O h3 35. Qf2 d5 36. e5 Bc5 37. Kh2 Bxf2 38. Rxf2 hxg2 39. Rxg2 Qf4+ 40.
Kh3 Qh6+ 41. Kg3 d4 42. Bxd4 Nd5 43. Bc3 Qf4+ 44. Kh3 Qf1 45. Kh2 Qf4+ 46. Kh3
Qf5+ 47. Kh2 Nxc3 0-1

[Event "NATO Chess Championship 2010"]
[Site "Koege"]
[Date "2010.10.22"]
[Round "7.36"]
[White "Kocur, Marc"]
[Black "Ross, Dave"]
[Result "1-0"]
[WhiteElo "1880"]
[BlackElo "1800"]
[PlyCount "99"]
[EventDate "2010.??.??"]

1. Nf3 c5 2. g3 Nc6 3. Bg2 d6 4. O-O g6 5. d3 Bg7 6. c4 Nf6 7. Nc3 O-O 8. Rb1
Rb8 9. a3 a5 10. Ne1 Bd7 11. Nc2 Qc8 12. b4 axb4 13. axb4 cxb4 14. Nxb4 Nxb4
15. Rxb4 Bh3 16. Qb3 Bxg2 17. Kxg2 Qc6+ 18. Kg1 h5 19. Be3 e6 20. Ba7 Ra8 21.
Rxb7 Nh7 22. Qb5 Rfc8 23. Rc1 Ng5 24. Qxc6 Rxc6 25. Kg2 Bf8 26. Be3 Nh7 27. Ra7
Rac8 28. Nb5 d5 29. Nd4 R6c7 30. Rxc7 Rxc7 31. cxd5 Rxc1 32. Bxc1 exd5 33. Nb5
Nf6 34. Bb2 Be7 35. h3 Nd7 36. Nc7 Bf6 37. Ba3 Kg7 38. Nxd5 Bd8 39. Bb4 g5 40.
Be7 Bxe7 41. Nxe7 Kf6 42. Nc6 Ke6 43. Nb4 f5 44. h4 gxh4 45. gxh4 Nf6 46. Kf3
Ke5 47. Nc2 Ng4 48. d4+ Kf6 49. Ne3 Nh6 50. Kf4 1-0

[Event "NATO Chess Championship 2010"]
[Site "Koege"]
[Date "2010.10.22"]
[Round "7.37"]
[White "Bublys, Vaidotas"]
[Black "Stone, Stephen"]
[Result "0-1"]
[WhiteElo "1930"]
[BlackElo "1600"]
[PlyCount "56"]
[EventDate "2010.??.??"]
[WhiteTeam "LTU"]
[BlackTeam "CAN"]

1. d4 g6 2. c4 Bg7 3. e4 d6 4. Nf3 c5 5. d5 Nf6 6. Nc3 O-O 7. Bd3 b5 8. Nxb5
Ba6 9. O-O Bxb5 10. cxb5 a6 11. Re1 axb5 12. Bxb5 Qc7 13. a3 Nbd7 14. Qe2 Rfb8
15. Rb1 Nf8 16. Bf4 e6 17. Bc6 Ra7 18. e5 dxe5 19. Bxe5 Qb6 20. Bxb8 Qxb8 21.
dxe6 Nxe6 22. Qc4 h5 23. Bd5 Ng4 24. Bxe6 fxe6 25. Qxe6+ Kh7 26. Qc6 Bd4 27.
Re2 Rxa3 28. Nxd4 Qxh2+ 0-1

[Event "NATO Chess Championship 2010"]
[Site "Koege"]
[Date "2010.10.22"]
[Round "7.41"]
[White "Ghiacy, Jelani"]
[Black "Vercauteren, Daniël"]
[Result "0-1"]
[WhiteElo "1517"]
[BlackElo "1689"]
[PlyCount "124"]
[EventDate "2010.??.??"]
[WhiteTeam "CAN"]
[BlackTeam "BEL"]

1. e4 c6 2. Nc3 d5 3. e5 Bf5 4. d4 e6 5. Nf3 Nd7 6. g3 Ne7 7. Nh4 Rc8 8. b4 Ng6
9. Nxf5 exf5 10. a3 Be7 11. Ne2 Ngf8 12. h4 Ne6 13. Bh3 g6 14. Bh6 b6 15. Qd2
Qc7 16. O-O Qd8 17. Kh2 Nb8 18. Nf4 Nxf4 19. Qxf4 Rg8 20. Qd2 Nd7 21. c3 Nf8
22. Rae1 Ne6 23. f3 Rc7 24. Qe3 Bf8 25. Bxf8 Kxf8 26. Qh6+ Rg7 27. g4 fxg4 28.
fxg4 Kg8 29. Rf6 Qe8 30. Ref1 g5 31. R1f5 gxh4 32. Qxh4 Qe7 33. g5 Qe8 34. Rf3
Nxg5 35. Rg3 Ne4 36. Rxg7+ Kxg7 37. Rf3 Qe7 38. Qg4+ Qg5 39. Qxg5+ Nxg5 40. Rg3
h6 41. Bf5 Re7 42. Kg2 f6 43. e6 h5 44. Re3 h4 45. Kh2 Kh6 46. Bg4 Kg6 47. Kg2
f5 48. Bd1 Rxe6 49. Re5 Kf6 50. Bh5 Rxe5 51. dxe5+ Kxe5 52. Be8 c5 53. bxc5
bxc5 54. Ba4 f4 55. Bc2 f3+ 56. Kh2 Kf4 57. Ba4 Ke3 58. Bb5 c4 59. Bc6 f2 60.
Kg2 h3+ 61. Kf1 Nf3 62. Bxd5 Nd2# 0-1